000 00877nam a22002417a 4500
005 2010081406086.0
008 090109t xxu||||| |||| 00| 0urd d
010 _a UR-7720
020 _c250.00
035 _aU-6275
040 _adpl
_burd
082 _a844
100 _912785
_aمحّمد عظیم الدین بخش
245 _aفکر عظیم /
_cمحّمد عظیم الدین بخش
246 _aFikr-e-Azeem /
_bby Mohammad Aleemuddin Baksh
260 _aحیدرآباد
_c2007
_bاکرم پبلیکشن
270 _bHyderabad
_a1/A/4/836-2-16
_e500059
300 _a180 ص
_c22 س م (Hb)
650 _2critisim
_912786
700 _aعلیم الدین بخش
_913088
942 _2ddc
_cUR
_h844
_mم ح م
999 _c41805
_d41805